[Event "DEM U14 2020"]
[Site "Willingen GER"]
[Date "2020.10.24"]
[Round "7"]
[White "Bungarten, Jona"]
[Black "Fuhrmann, Bahne"]
[Result "1/2-1/2"]
[Termination "normal"]
[Board "10"]
[WhiteElo "1834"]
[BlackElo "1816"]
[WhiteClock "00:34:24"]
[BlackClock "00:07:30"]
[PlyCount "99"]
[WhiteFideId "16223608"]
[BlackFideId "16244842"]
[EventCountry "GER"]
[EventRounds "7"]
[EventType "swiss"]
[EventDate "2020.10.19"]

1. e4 {[%clk 1:30:58]} e5 {[%clk 1:30:56]} 2. f4 {[%clk 1:31:23]} d5 {[%clk
1:31:16]} 3. exd5 {[%clk 1:31:44]} exf4 {[%clk 1:31:35]} 4. Nf3 {[%clk
1:32:04]} Nf6 {[%clk 1:31:55]} 5. Bc4 {[%clk 1:32:13]} Bd6 {[%clk 1:29:23]} 6.
O-O {[%clk 1:31:23]} O-O {[%clk 1:29:10]} 7. d4 {[%clk 1:30:42]} Bg4 {[%clk
1:27:59]} 8. Qd3 {[%clk 1:27:03]} c6 {[%clk 1:18:35]} 9. Nc3 {[%clk 1:23:07]}
b5 {[%clk 1:13:43]} 10. Bb3 {[%clk 1:23:22]} b4 {[%clk 1:10:13]} 11. Ne2 {[%clk
1:23:39]} Nxd5 {[%clk 1:08:30]} 12. Bxd5 {[%clk 1:23:53]} cxd5 {[%clk 1:08:53]}
13. Nxf4 {[%clk 1:23:47]} Bxf4 {[%clk 1:04:27]} 14. Bxf4 {[%clk 1:24:09]} Nc6
{[%clk 1:02:52]} 15. Ng5 {[%clk 1:16:14]} g6 {[%clk 1:01:26]} 16. Qg3 {[%clk
1:15:09]} h5 {[%clk 0:56:55]} 17. c3 {[%clk 1:13:54]} bxc3 {[%clk 0:53:10]} 18.
bxc3 {[%clk 1:13:44]} f6 {[%clk 0:52:24]} 19. Bd6 {[%clk 1:09:09]} Re8 {[%clk
0:46:57]} 20. Nf3 {[%clk 1:08:16]} Re3 {[%clk 0:40:11]} 21. Qf4 {[%clk
1:04:55]} Re6 {[%clk 0:30:28]} 22. Bc5 {[%clk 1:04:31]} Bxf3 {[%clk 0:23:42]}
23. Rxf3 {[%clk 1:04:08]} Qd7 {[%clk 0:21:24]} 24. Raf1 {[%clk 1:03:01]} Kg7
{[%clk 0:20:32]} 25. Qh4 {[%clk 0:57:17]} f5 {[%clk 0:16:11]} 26. Qg5 {[%clk
0:53:01]} Kh7 {[%clk 0:15:38]} 27. Rg3 {[%clk 0:51:27]} Qd8 {[%clk 0:14:09]}
28. Qd2 {[%clk 0:45:23]} Qf6 {[%clk 0:11:53]} 29. Ba3 {[%clk 0:45:14]} Rae8
{[%clk 0:08:41]} 30. Bc1 {[%clk 0:43:34]} Qf8 {[%clk 0:09:02]} 31. Qg5 {[%clk
0:43:19]} Ne7 {[%clk 0:08:09]} 32. Rh3 {[%clk 0:41:02]} Ng8 {[%clk 0:07:21]}
33. Bf4 {[%clk 0:37:41]} Re1 {[%clk 0:05:45]} 34. Be5 {[%clk 0:30:29]} Rxf1+
{[%clk 0:05:57]} 35. Kxf1 {[%clk 0:30:53]} Qh6 {[%clk 0:05:30]} 36. Bf4 {[%clk
0:28:23]} Qxg5 {[%clk 0:04:57]} 37. Bxg5 {[%clk 0:28:51]} Nh6 {[%clk 0:05:06]}
38. Re3 {[%clk 0:22:10]} Rxe3 {[%clk 0:04:44]} 39. Bxe3 {[%clk 0:22:33]} Ng4
{[%clk 0:05:11]} 40. Ke2 {[%clk 0:18:16]} Nxh2 {[%clk 0:03:02]} 41. c4 {[%clk
0:17:45]} dxc4 {[%clk 0:24:28]} 42. d5 {[%clk 0:48:08]} Ng4 {[%clk 0:23:37]}
43. Bxa7 {[%clk 0:48:32]} Nf6 {[%clk 0:17:57]} 44. d6 {[%clk 0:48:34]} Kg7
{[%clk 0:16:36]} 45. a4 {[%clk 0:44:23]} Kf7 {[%clk 0:12:44]} 46. Ke3 {[%clk
0:38:08]} Ke6 {[%clk 0:09:07]} 47. Kd4 {[%clk 0:35:34]} Kxd6 {[%clk 0:08:05]}
48. Kxc4 {[%clk 0:35:56]} Kc6 {[%clk 0:07:54]} 49. Kd4 {[%clk 0:34:24]} Nd5
{[%clk 0:07:30]} 50. Ke4 1/2-1/2

[Event "DEM U14 2020"]
[Site "Willingen GER"]
[Date "2020.10.24"]
[Round "7"]
[White "Halabi, Ibrahim"]
[Black "Ermitsch, Magnus"]
[Result "1-0"]
[Termination "normal"]
[Board "11"]
[WhiteElo "1895"]
[BlackElo "2049"]
[WhiteClock "00:16:42"]
[BlackClock "00:06:21"]
[PlyCount "99"]
[WhiteFideId "16241754"]
[BlackFideId "16234464"]
[EventCountry "GER"]
[EventRounds "7"]
[EventType "swiss"]
[EventDate "2020.10.19"]

1. e4 {[%clk 1:30:57]} c5 {[%clk 1:30:17]} 2. Nf3 {[%clk 1:31:19]} e6 {[%clk
1:30:19]} 3. d4 {[%clk 1:31:42]} cxd4 {[%clk 1:30:03]} 4. Nxd4 {[%clk 1:32:06]}
Nc6 {[%clk 1:29:09]} 5. Nc3 {[%clk 1:32:29]} Qc7 {[%clk 1:29:04]} 6. Nxc6
{[%clk 1:32:38]} bxc6 {[%clk 1:29:03]} 7. Bd3 {[%clk 1:32:55]} e5 {[%clk
1:28:32]} 8. O-O {[%clk 1:31:34]} Nf6 {[%clk 1:26:16]} 9. f4 {[%clk 1:31:14]}
Bc5+ {[%clk 1:23:04]} 10. Kh1 {[%clk 1:31:22]} O-O {[%clk 1:16:52]} 11. fxe5
{[%clk 1:26:47]} Qxe5 {[%clk 1:14:58]} 12. Rf5 {[%clk 1:24:16]} Qe7 {[%clk
1:12:31]} 13. e5 {[%clk 1:13:26]} Nd5 {[%clk 1:08:01]} 14. Nxd5 {[%clk
1:10:40]} cxd5 {[%clk 1:07:44]} 15. Bg5 {[%clk 1:02:01]} Qe6 {[%clk 1:04:34]}
16. Bf6 {[%clk 0:55:25]} g6 {[%clk 0:57:41]} 17. Rh5 {[%clk 0:49:40]} Be7
{[%clk 0:55:50]} 18. Bf5 {[%clk 0:45:18]} Bxf6 {[%clk 0:45:25]} 19. Bxe6 {[%clk
0:45:34]} fxe6 {[%clk 0:44:54]} 20. Rh3 {[%clk 0:42:10]} Bxe5 {[%clk 0:44:54]}
21. c3 {[%clk 0:40:56]} Bb7 {[%clk 0:41:08]} 22. Qe2 {[%clk 0:40:10]} Bf6
{[%clk 0:38:13]} 23. Rg3 {[%clk 0:34:03]} d4 {[%clk 0:33:10]} 24. cxd4 {[%clk
0:32:29]} Bxd4 {[%clk 0:31:38]} 25. Rf1 {[%clk 0:24:38]} Rxf1+ {[%clk 0:29:46]}
26. Qxf1 {[%clk 0:24:09]} Rf8 {[%clk 0:29:31]} 27. Qd3 {[%clk 0:21:11]} Be4
{[%clk 0:28:18]} 28. Qxd4 {[%clk 0:20:44]} Rf1+ {[%clk 0:28:36]} 29. Qg1 {[%clk
0:21:03]} Rxg1+ {[%clk 0:29:04]} 30. Kxg1 {[%clk 0:21:23]} a6 {[%clk 0:28:42]}
31. Ra3 {[%clk 0:20:01]} Bb7 {[%clk 0:27:49]} 32. Rb3 {[%clk 0:20:03]} Bd5
{[%clk 0:24:14]} 33. Rb6 {[%clk 0:19:39]} Bxa2 {[%clk 0:20:22]} 34. Rd6 {[%clk
0:19:17]} Kg7 {[%clk 0:14:54]} 35. Rxd7+ {[%clk 0:19:27]} Kf6 {[%clk 0:11:28]}
36. Rxh7 {[%clk 0:19:29]} Bc4 {[%clk 0:08:29]} 37. Rh4 {[%clk 0:19:48]} Bb5
{[%clk 0:08:42]} 38. Rb4 {[%clk 0:19:13]} Kf5 {[%clk 0:07:31]} 39. Kf2 {[%clk
0:19:02]} g5 {[%clk 0:07:35]} 40. Ke3 {[%clk 0:18:42]} e5 {[%clk 0:06:50]} 41.
h4 {[%clk 0:17:47]} gxh4 {[%clk 0:06:06]} 42. Rxh4 {[%clk 0:17:59]} Kg5 {[%clk
0:05:40]} 43. g3 {[%clk 0:16:56]} Kf5 {[%clk 0:05:27]} 44. g4+ {[%clk 0:15:40]}
Kg5 {[%clk 0:05:04]} 45. Rh5+ {[%clk 0:15:59]} Kxg4 {[%clk 0:05:31]} 46. Rxe5
{[%clk 0:16:22]} Bf1 {[%clk 0:05:29]} 47. Kd4 {[%clk 0:16:06]} Kf4 {[%clk
0:05:50]} 48. Re8 {[%clk 0:16:20]} Bb5 {[%clk 0:06:12]} 49. Rf8+ {[%clk
0:16:42]} Kg3 {[%clk 0:06:21]} 50. Kc5 1-0

[Event "DEM U14 2020"]
[Site "Willingen GER"]
[Date "2020.10.24"]
[Round "7"]
[White "Pikalow, Michael"]
[Black "Chassard, Cedric"]
[Result "1-0"]
[Termination "normal"]
[Board "13"]
[WhiteElo "2021"]
[BlackElo "1916"]
[WhiteClock "00:47:51"]
[BlackClock "01:09:10"]
[PlyCount "57"]
[WhiteFideId "16227638"]
[BlackFideId "16243536"]
[EventCountry "GER"]
[EventRounds "7"]
[EventType "swiss"]
[EventDate "2020.10.19"]

1. e4 {[%clk 1:30:58]} e5 {[%clk 1:30:58]} 2. Nf3 {[%clk 1:31:24]} Nc6 {[%clk
1:31:27]} 3. Bb5 {[%clk 1:31:52]} a6 {[%clk 1:31:56]} 4. Ba4 {[%clk 1:32:21]}
Nf6 {[%clk 1:32:25]} 5. O-O {[%clk 1:32:39]} Be7 {[%clk 1:32:53]} 6. Re1 {[%clk
1:33:04]} b5 {[%clk 1:33:15]} 7. Bb3 {[%clk 1:33:31]} d6 {[%clk 1:33:44]} 8. c3
{[%clk 1:33:56]} O-O {[%clk 1:33:54]} 9. h3 {[%clk 1:34:22]} Nb8 {[%clk
1:34:20]} 10. d4 {[%clk 1:32:11]} Nbd7 {[%clk 1:34:47]} 11. c4 {[%clk 1:29:58]}
c6 {[%clk 1:34:46]} 12. Nc3 {[%clk 1:30:14]} Re8 {[%clk 1:31:18]} 13. cxb5
{[%clk 1:20:09]} cxb5 {[%clk 1:25:14]} 14. Bxf7+ {[%clk 1:07:00]} Kxf7 {[%clk
1:22:38]} 15. Qb3+ {[%clk 1:07:26]} d5 {[%clk 1:18:11]} 16. Nxd5 {[%clk
1:07:05]} Nc5 {[%clk 1:14:27]} 17. Nxe5+ {[%clk 0:54:47]} Kf8 {[%clk 1:13:58]}
18. dxc5 {[%clk 0:54:25]} Be6 {[%clk 1:11:21]} 19. Nc6 {[%clk 0:48:24]} Qc8
{[%clk 1:09:32]} 20. Ncxe7 {[%clk 0:48:16]} Qxc5 {[%clk 1:08:50]} 21. Qe3
{[%clk 0:45:42]} Nxe4 {[%clk 1:06:32]} 22. Qxe4 {[%clk 0:45:11]} Bxd5 {[%clk
1:06:55]} 23. Qf5+ {[%clk 0:45:36]} Bf7 {[%clk 1:07:07]} 24. Qxc5 {[%clk
0:46:03]} Rxe7 {[%clk 1:07:25]} 25. Qxe7+ {[%clk 0:46:28]} Kg8 {[%clk 1:07:51]}
26. Bf4 {[%clk 0:46:38]} Kh8 {[%clk 1:08:19]} 27. Qxf7 {[%clk 0:47:00]} a5
{[%clk 1:08:45]} 28. Re8+ {[%clk 0:47:26]} Rxe8 {[%clk 1:09:10]} 29. Qxe8#
{[%clk 0:47:51]} 1-0

[Event "DEM U14 2020"]
[Site "Willingen GER"]
[Date "2020.10.24"]
[Round "7"]
[White "Foerster-Yialamas, Lucas"]
[Black "Meuer, David"]
[Result "1-0"]
[Termination "normal"]
[Board "14"]
[WhiteTitle "CM"]
[WhiteElo "2033"]
[BlackElo "1632"]
[WhiteClock "01:11:43"]
[BlackClock "00:16:59"]
[PlyCount "99"]
[WhiteFideId "30901774"]
[BlackFideId "16262964"]
[EventCountry "GER"]
[EventRounds "7"]
[EventType "swiss"]
[EventDate "2020.10.19"]

1. e4 {[%clk 1:30:58]} d5 {[%clk 1:30:56]} 2. exd5 {[%clk 1:31:24]} Qxd5 {[%clk
1:31:20]} 3. Nc3 {[%clk 1:31:49]} Qd6 {[%clk 1:31:43]} 4. d4 {[%clk 1:32:10]}
Nf6 {[%clk 1:32:08]} 5. Nf3 {[%clk 1:32:19]} a6 {[%clk 1:32:30]} 6. a4 {[%clk
1:32:09]} Bg4 {[%clk 1:25:32]} 7. Be3 {[%clk 1:31:12]} Nc6 {[%clk 1:25:09]} 8.
Bc4 {[%clk 1:28:03]} e6 {[%clk 1:20:48]} 9. h3 {[%clk 1:27:36]} Bh5 {[%clk
1:19:20]} 10. g4 {[%clk 1:27:17]} Bg6 {[%clk 1:19:41]} 11. Qe2 {[%clk 1:26:57]}
Be7 {[%clk 1:17:35]} 12. O-O-O {[%clk 1:26:49]} Nb4 {[%clk 1:09:55]} 13. Ne5
{[%clk 1:25:31]} Bxc2 {[%clk 1:03:31]} 14. Rd2 {[%clk 1:25:55]} Bg6 {[%clk
1:03:10]} 15. h4 {[%clk 1:26:20]} Nbd5 {[%clk 0:58:26]} 16. Bxd5 {[%clk
1:22:18]} Nxd5 {[%clk 0:58:15]} 17. Qc4 {[%clk 1:09:41]} Nxc3 {[%clk 0:46:26]}
18. Qxc3 {[%clk 1:10:08]} Be4 {[%clk 0:45:03]} 19. f3 {[%clk 1:10:13]} Bd5
{[%clk 0:43:47]} 20. Rc2 {[%clk 1:04:25]} f6 {[%clk 0:35:53]} 21. Nc4 {[%clk
1:02:03]} Qb4 {[%clk 0:33:11]} 22. Qxb4 {[%clk 1:00:36]} Bxb4 {[%clk 0:33:31]}
23. Rf1 {[%clk 1:00:53]} Bxc4 {[%clk 0:30:41]} 24. Rxc4 {[%clk 1:01:15]} Bd6
{[%clk 0:31:01]} 25. a5 {[%clk 1:00:15]} Kf7 {[%clk 0:29:42]} 26. Rc3 {[%clk
0:59:15]} Rac8 {[%clk 0:25:42]} 27. Rb3 {[%clk 0:58:38]} b6 {[%clk 0:25:32]}
28. axb6 {[%clk 0:58:47]} cxb6+ {[%clk 0:25:57]} 29. Kd2 {[%clk 0:59:13]} b5
{[%clk 0:24:47]} 30. Kd3 {[%clk 0:57:19]} Rhd8 {[%clk 0:22:21]} 31. Ra1 {[%clk
0:57:33]} Rc6 {[%clk 0:22:16]} 32. Rc3 {[%clk 0:57:26]} Rdc8 {[%clk 0:19:13]}
33. Rxa6 {[%clk 0:57:29]} Rxa6 {[%clk 0:17:58]} 34. Rxc8 {[%clk 0:57:33]} Ke7
{[%clk 0:08:47]} 35. h5 {[%clk 0:50:01]} h6 {[%clk 0:04:01]} 36. f4 {[%clk
0:47:08]} Ra7 {[%clk 0:03:42]} 37. Rc6 {[%clk 0:45:25]} Rb7 {[%clk 0:02:53]}
38. Ke4 {[%clk 0:44:11]} Kd7 {[%clk 0:02:11]} 39. Ra6 {[%clk 0:44:37]} Ke7
{[%clk 0:01:21]} 40. b3 {[%clk 0:41:34]} Kd7 {[%clk 0:00:37]} 41. f5 {[%clk
0:40:57]} e5 {[%clk 0:24:10]} 42. Kd5 {[%clk 1:10:19]} Bc7 {[%clk 0:21:44]} 43.
dxe5 {[%clk 1:10:21]} Bxe5 {[%clk 0:20:58]} 44. Bc5 {[%clk 1:10:42]} Ke8 {[%clk
0:18:56]} 45. Ra8+ {[%clk 1:10:02]} Rb8 {[%clk 0:17:10]} 46. Ra7 {[%clk
1:10:26]} Rd8+ {[%clk 0:17:29]} 47. Ke6 {[%clk 1:10:52]} Bd4 {[%clk 0:16:28]}
48. Re7+ {[%clk 1:10:55]} Kf8 {[%clk 0:16:45]} 49. Rd7+ {[%clk 1:11:20]} Ke8
{[%clk 0:16:59]} 50. Rxd8+ {[%clk 1:11:43]} 1-0

[Event "DEM U14 2020"]
[Site "Willingen GER"]
[Date "2020.10.24"]
[Round "7"]
[White "Pfeffer, Samuel"]
[Black "Spriestersbach, Kai"]
[Result "1-0"]
[Termination "normal"]
[Board "15"]
[WhiteElo "1427"]
[BlackElo "1863"]
[WhiteClock "00:47:28"]
[BlackClock "00:42:22"]
[PlyCount "55"]
[WhiteFideId "16249160"]
[BlackFideId "16269985"]
[EventCountry "GER"]
[EventRounds "7"]
[EventType "swiss"]
[EventDate "2020.10.19"]

1. d4 {[%clk 1:30:59]} Nf6 {[%clk 1:30:54]} 2. c4 {[%clk 1:29:55]} e6 {[%clk
1:31:19]} 3. Nc3 {[%clk 1:28:42]} Bb4 {[%clk 1:31:43]} 4. e3 {[%clk 1:27:56]}
c5 {[%clk 1:31:47]} 5. Nge2 {[%clk 1:27:17]} b6 {[%clk 1:32:07]} 6. a3 {[%clk
1:25:55]} Ba5 {[%clk 1:32:32]} 7. Bd2 {[%clk 1:25:42]} O-O {[%clk 1:32:43]} 8.
Rb1 {[%clk 1:24:58]} Na6 {[%clk 1:32:49]} 9. Nf4 {[%clk 1:21:07]} Bb7 {[%clk
1:28:51]} 10. Bd3 {[%clk 1:19:55]} d6 {[%clk 1:21:10]} 11. Nh5 {[%clk 1:16:02]}
g6 {[%clk 1:07:09]} 12. Nxf6+ {[%clk 1:12:52]} Qxf6 {[%clk 1:07:22]} 13. Qg4
{[%clk 1:10:46]} e5 {[%clk 1:01:37]} 14. d5 {[%clk 1:09:32]} Bc8 {[%clk
0:57:21]} 15. Qg3 {[%clk 1:08:20]} Qe7 {[%clk 0:57:45]} 16. h4 {[%clk 1:06:23]}
Bd7 {[%clk 0:55:11]} 17. h5 {[%clk 1:05:37]} Kg7 {[%clk 0:55:31]} 18. e4 {[%clk
1:04:23]} Rh8 {[%clk 0:53:39]} 19. h6+ {[%clk 0:58:11]} Kg8 {[%clk 0:53:25]}
20. O-O {[%clk 0:57:39]} f6 {[%clk 0:48:50]} 21. f4 {[%clk 0:56:28]} Rf8 {[%clk
0:47:30]} 22. f5 {[%clk 0:49:47]} g5 {[%clk 0:43:15]} 23. Bxg5 {[%clk 0:47:41]}
fxg5 {[%clk 0:41:03]} 24. f6 {[%clk 0:47:28]} Qf7 {[%clk 0:41:21]} 25. Qxg5+
{[%clk 0:47:39]} Qg6 {[%clk 0:41:36]} 26. f7+ {[%clk 0:47:29]} Rxf7 {[%clk
0:41:59]} 27. Qd8+ {[%clk 0:47:28]} Rf8 {[%clk 0:42:22]} 28. Qxf8# 1-0

[Event "DEM U14 2020"]
[Site "Willingen GER"]
[Date "2020.10.24"]
[Round "7"]
[White "Klühs, Gustaf"]
[Black "Mimkes, Antal"]
[Result "1-0"]
[Termination "normal"]
[Board "16"]
[WhiteElo "1827"]
[BlackElo "1567"]
[WhiteClock "00:05:11"]
[BlackClock "00:36:30"]
[PlyCount "57"]
[WhiteFideId "16228936"]
[BlackFideId "16265963"]
[EventCountry "GER"]
[EventRounds "7"]
[EventType "swiss"]
[EventDate "2020.10.19"]

1. e4 {[%clk 1:30:58]} e5 {[%clk 1:30:43]} 2. Nf3 {[%clk 1:31:23]} Nc6 {[%clk
1:30:52]} 3. Bc4 {[%clk 1:31:49]} Nf6 {[%clk 1:30:50]} 4. d4 {[%clk 1:32:11]}
exd4 {[%clk 1:30:49]} 5. O-O {[%clk 1:32:11]} d6 {[%clk 1:27:31]} 6. Nxd4
{[%clk 0:56:19]} Be7 {[%clk 1:23:44]} 7. Nc3 {[%clk 0:54:51]} O-O {[%clk
1:21:44]} 8. h3 {[%clk 0:48:12]} Ne5 {[%clk 1:20:13]} 9. Be2 {[%clk 0:47:42]}
c6 {[%clk 1:13:10]} 10. Be3 {[%clk 0:44:40]} Qc7 {[%clk 1:11:50]} 11. f4 {[%clk
0:28:26]} Ng6 {[%clk 1:11:17]} 12. Qe1 {[%clk 0:27:07]} b5 {[%clk 1:07:44]} 13.
a3 {[%clk 0:24:18]} a6 {[%clk 1:06:09]} 14. Bf3 {[%clk 0:18:15]} c5 {[%clk
1:00:47]} 15. Nf5 {[%clk 0:18:21]} b4 {[%clk 0:57:18]} 16. Ne2 {[%clk 0:12:17]}
Rb8 {[%clk 0:54:47]} 17. Neg3 {[%clk 0:11:36]} Bd7 {[%clk 0:51:40]} 18. Qd2
{[%clk 0:10:02]} Bb5 {[%clk 0:49:56]} 19. Rfd1 {[%clk 0:10:11]} Rfd8 {[%clk
0:49:25]} 20. axb4 {[%clk 0:08:25]} cxb4 {[%clk 0:48:34]} 21. Ne2 {[%clk
0:07:27]} d5 {[%clk 0:46:30]} 22. exd5 {[%clk 0:06:13]} Nxd5 {[%clk 0:42:55]}
23. Bxd5 {[%clk 0:06:17]} Bc4 {[%clk 0:39:44]} 24. Qd4 {[%clk 0:04:51]} Ne5
{[%clk 0:35:43]} 25. Qxe5 {[%clk 0:04:06]} Qxe5 {[%clk 0:35:41]} 26. fxe5
{[%clk 0:04:27]} Bxe2 {[%clk 0:35:54]} 27. Nxe7+ {[%clk 0:04:54]} Kf8 {[%clk
0:36:19]} 28. Nc6 {[%clk 0:04:47]} Bxd1 {[%clk 0:36:30]} 29. Rxd1 {[%clk
0:05:11]} 1-0

[Event "DEM U14 2020"]
[Site "Willingen GER"]
[Date "2020.10.24"]
[Round "7"]
[White "Niemann, Leon"]
[Black "Kort, Felix"]
[Result "1/2-1/2"]
[Termination "normal"]
[Board "18"]
[WhiteElo "1880"]
[BlackElo "1823"]
[WhiteClock "00:01:48"]
[BlackClock "00:02:54"]
[PlyCount "119"]
[WhiteFideId "16218388"]
[BlackFideId "16220129"]
[EventCountry "GER"]
[EventRounds "7"]
[EventType "swiss"]
[EventDate "2020.10.19"]

1. e4 {[%clk 1:30:57]} e5 {[%clk 1:30:45]} 2. Nf3 {[%clk 1:31:23]} Nc6 {[%clk
1:31:10]} 3. Bc4 {[%clk 1:31:48]} Bc5 {[%clk 1:31:35]} 4. O-O {[%clk 1:32:12]}
Nf6 {[%clk 1:31:55]} 5. d3 {[%clk 1:32:22]} d6 {[%clk 1:32:09]} 6. c3 {[%clk
1:32:35]} a6 {[%clk 1:31:24]} 7. Bb3 {[%clk 1:32:59]} Ba7 {[%clk 1:31:36]} 8.
Nbd2 {[%clk 1:32:52]} h6 {[%clk 1:31:31]} 9. Re1 {[%clk 1:20:52]} g5 {[%clk
1:30:18]} 10. Nc4 {[%clk 1:03:06]} g4 {[%clk 1:29:30]} 11. Nfd2 {[%clk
1:01:32]} h5 {[%clk 1:24:23]} 12. d4 {[%clk 0:57:33]} b5 {[%clk 1:04:34]} 13.
dxe5 {[%clk 0:49:28]} dxe5 {[%clk 0:41:41]} 14. Ne3 {[%clk 0:48:03]} Ne7 {[%clk
0:31:15]} 15. Nd5 {[%clk 0:34:48]} Ng6 {[%clk 0:21:05]} 16. Nf1 {[%clk
0:30:18]} c6 {[%clk 0:14:13]} 17. Nxf6+ {[%clk 0:18:18]} Qxf6 {[%clk 0:14:04]}
18. Be3 {[%clk 0:17:31]} Nf4 {[%clk 0:07:10]} 19. a4 {[%clk 0:09:02]} h4 {[%clk
0:03:12]} 20. Bxa7 {[%clk 0:03:58]} Rxa7 {[%clk 0:03:32]} 21. Ne3 {[%clk
0:04:17]} Qg6 {[%clk 0:01:42]} 22. axb5 {[%clk 0:02:26]} cxb5 {[%clk 0:01:27]}
23. Bd5 {[%clk 0:01:25]} g3 {[%clk 0:01:01]} 24. Qf3 {[%clk 0:01:11]} Rg8
{[%clk 0:00:46]} 25. fxg3 {[%clk 0:00:50]} hxg3 {[%clk 0:01:08]} 26. hxg3
{[%clk 0:00:45]} Qxg3 {[%clk 0:01:18]} 27. Qxg3 {[%clk 0:01:01]} Rxg3 {[%clk
0:01:40]} 28. Kf2 {[%clk 0:01:09]} Rg5 {[%clk 0:01:21]} 29. Red1 {[%clk
0:00:45]} Ke7 {[%clk 0:00:47]} 30. Bc6 {[%clk 0:00:38]} Rc7 {[%clk 0:00:39]}
31. Nd5+ {[%clk 0:00:44]} Nxd5 {[%clk 0:01:03]} 32. Bxd5 {[%clk 0:01:11]} Rg6
{[%clk 0:00:53]} 33. Rh1 {[%clk 0:00:40]} Bb7 {[%clk 0:00:43]} 34. Rhd1 {[%clk
0:00:33]} Rd6 {[%clk 0:00:39]} 35. Bxb7 {[%clk 0:00:33]} Rxd1 {[%clk 0:00:45]}
36. Rxd1 {[%clk 0:00:55]} Rxb7 {[%clk 0:01:06]} 37. Rd5 {[%clk 0:01:02]} Ke6
{[%clk 0:01:17]} 38. Rd8 {[%clk 0:00:58]} Rb6 {[%clk 0:00:39]} 39. Ra8 {[%clk
0:00:59]} Rd6 {[%clk 0:00:48]} 40. Kf3 {[%clk 0:00:36]} Rd3+ {[%clk 0:00:38]}
41. Kg4 {[%clk 0:00:34]} Rd6 {[%clk 0:28:42]} 42. Kg5 {[%clk 0:27:57]} f6+
{[%clk 0:13:16]} 43. Kg6 {[%clk 0:25:29]} Rd2 {[%clk 0:11:42]} 44. Re8+ {[%clk
0:09:29]} Kd7 {[%clk 0:11:31]} 45. Kf7 {[%clk 0:09:58]} Rxg2 {[%clk 0:05:32]}
46. Re7+ {[%clk 0:09:58]} Kd6 {[%clk 0:04:49]} 47. Re6+ {[%clk 0:05:51]} Kd7
{[%clk 0:04:23]} 48. Kxf6 {[%clk 0:04:15]} Rxb2 {[%clk 0:04:01]} 49. Rxa6
{[%clk 0:03:54]} Rb3 {[%clk 0:03:22]} 50. Kxe5 {[%clk 0:02:17]} Rxc3 {[%clk
0:03:27]} 51. Rd6+ {[%clk 0:02:13]} Ke7 {[%clk 0:03:30]} 52. Rb6 {[%clk
0:02:26]} Rc5+ {[%clk 0:02:51]} 53. Kd4 {[%clk 0:02:32]} Rh5 {[%clk 0:02:52]}
54. e5 {[%clk 0:02:55]} Rh1 {[%clk 0:02:46]} 55. Rxb5 {[%clk 0:02:20]} Rd1+
{[%clk 0:02:43]} 56. Ke4 {[%clk 0:01:57]} Re1+ {[%clk 0:03:06]} 57. Kd5 {[%clk
0:02:20]} Rd1+ {[%clk 0:03:31]} 58. Kc6 {[%clk 0:02:02]} Ke6 {[%clk 0:03:01]}
59. Rc5 {[%clk 0:02:18]} Re1 {[%clk 0:02:54]} 60. Ra5 {[%clk 0:01:48]} 1/2-1/2

[Event "DEM U14 2020"]
[Site "Willingen GER"]
[Date "2020.10.24"]
[Round "7"]
[White "Raasch, Hauke"]
[Black "Freude, Max"]
[Result "1/2-1/2"]
[Termination "normal"]
[Board "19"]
[WhiteElo "1676"]
[BlackElo "1850"]
[WhiteClock "00:22:10"]
[BlackClock "00:04:17"]
[PlyCount "80"]
[WhiteFideId "16210034"]
[BlackFideId "16236157"]
[EventCountry "GER"]
[EventRounds "7"]
[EventType "swiss"]
[EventDate "2020.10.19"]

1. d4 {[%clk 1:30:41]} Nf6 {[%clk 1:30:57]} 2. Bf4 {[%clk 1:31:01]} d5 {[%clk
1:31:24]} 3. e3 {[%clk 1:31:24]} c5 {[%clk 1:31:50]} 4. c3 {[%clk 1:31:38]} Nc6
{[%clk 1:32:16]} 5. Nf3 {[%clk 1:32:00]} Qb6 {[%clk 1:32:39]} 6. Qb3 {[%clk
1:32:23]} c4 {[%clk 1:33:00]} 7. Qxb6 {[%clk 1:31:14]} axb6 {[%clk 1:33:20]} 8.
Nbd2 {[%clk 1:31:36]} e6 {[%clk 1:30:33]} 9. Be2 {[%clk 1:31:57]} b5 {[%clk
1:30:35]} 10. b4 {[%clk 1:21:27]} Bd7 {[%clk 1:10:49]} 11. O-O {[%clk 1:14:48]}
Be7 {[%clk 1:05:22]} 12. a3 {[%clk 1:12:49]} O-O {[%clk 1:04:04]} 13. Ne5
{[%clk 1:12:36]} Ra7 {[%clk 0:51:55]} 14. Nxc6 {[%clk 1:12:29]} Bxc6 {[%clk
0:51:53]} 15. Ra2 {[%clk 1:12:39]} Nd7 {[%clk 0:48:37]} 16. Rfa1 {[%clk
1:11:48]} f6 {[%clk 0:46:46]} 17. Bg4 {[%clk 1:10:13]} Kf7 {[%clk 0:43:53]} 18.
Bg3 {[%clk 1:06:15]} g6 {[%clk 0:40:19]} 19. f4 {[%clk 1:01:09]} Rfa8 {[%clk
0:32:13]} 20. h3 {[%clk 0:58:13]} Nb6 {[%clk 0:30:27]} 21. Nb1 {[%clk 0:57:31]}
Bd6 {[%clk 0:27:32]} 22. Kh2 {[%clk 0:56:30]} Na4 {[%clk 0:25:31]} 23. Bd1
{[%clk 0:55:56]} Re8 {[%clk 0:24:15]} 24. Bxa4 {[%clk 0:53:24]} Rxa4 {[%clk
0:23:44]} 25. Rf2 {[%clk 0:52:50]} Kg7 {[%clk 0:22:38]} 26. Raa2 {[%clk
0:49:31]} Raa8 {[%clk 0:21:51]} 27. Rf1 {[%clk 0:47:43]} Rad8 {[%clk 0:19:12]}
28. Raf2 {[%clk 0:47:17]} Rd7 {[%clk 0:19:13]} 29. Nd2 {[%clk 0:46:17]} e5
{[%clk 0:09:28]} 30. fxe5 {[%clk 0:32:55]} fxe5 {[%clk 0:09:37]} 31. Rf6 {[%clk
0:24:43]} Bc7 {[%clk 0:07:14]} 32. R6f2 {[%clk 0:19:26]} exd4 {[%clk 0:05:57]}
33. exd4 {[%clk 0:19:27]} Bxg3+ {[%clk 0:05:48]} 34. Kxg3 {[%clk 0:19:49]} Re3+
{[%clk 0:05:49]} 35. Rf3 {[%clk 0:20:11]} Rde7 {[%clk 0:05:20]} 36. Rxe3 {[%clk
0:20:34]} Rxe3+ {[%clk 0:05:44]} 37. Rf3 {[%clk 0:20:59]} Re1 {[%clk 0:05:14]}
38. Rf1 {[%clk 0:21:20]} Re3+ {[%clk 0:04:46]} 39. Rf3 {[%clk 0:21:45]} Re1
{[%clk 0:04:03]} 40. Rf1 {[%clk 0:22:10]} Re3+ {[%clk 0:04:17]} 1/2-1/2